North America Geography and History Chain - Statistics

General Stats
  • This quiz has been taken 191 times
  • The average score is 10 of 15
Answer Stats
Hint Answer % Correct
U.S State with notable Hispanic and Navajo populations New Mexico
92%
Country meaning the savior El Salvador
87%
Mountain chain that runs up the eastern United States Appalachian
86%
Southern Mexican peninsula well-known for resourts Yucatán
82%
Mountain chain in the western United States and Canada Rockies
81%
This terrain is seen in much of the Southwestern United States Desert
80%
Main ambition of the Spanish crown while colonizing the Americas Gold
68%
Central American capital and Californian city San Jose
67%
Spice that was introduced to the West Indies, specifically in Grenada Nutmeg
61%
Country with the largest metro area in the Caribbean Dominican Republic
55%
Creators of head sculptures in Guatemala and Mexico Olmec
45%
Small island which is part of the Netherlands Curaçao
41%
Capital city whose name is based on a native tribe Ottawa
41%
Recent hurricane that ravaged much of the region Sandy
41%
Men responsible for the colonization of much of this area Conquistadors
33%
No matching quizzes found
Score Distribution
Percent of People with Each Score
Percentile by Number Answered
Your Score History
You have not taken this quiz